Statistics for Famous People Born in Washington, D.C.

Click here to take the quiz!

General Stats

  • This quiz has been taken 30 times
  • The average score is 4 of 8

Answer Stats

Description Famous Person % Correct
Vice president under Bill ClintonAl Gore
88%
The Science GuyBill Nye
75%
First FBI directorJ. Edgar Hoover
69%
Actor of Kiss of the Spider Woman and as Thunderbolt in Marvel filmsWilliam Hurt
44%
Late actor of Home Alone and SharknadoJohn Heard
38%
Comedian of his sketch show on Comedy CentralDave Chappelle
31%
Actor as Frozone in The IncrediblesSamuel L. Jackson
31%
Actor as Poppa Henry in The Good DinosaurJeffrey Wright
25%

Score Distribution

Percentile by Number Answered

Percent of People with Each Score

Your Score History

You have not taken this quiz